01003 2200349 4500001002100000005001500021035002000036007000300056008004100059020002200100082001100122084001700133100003400150245015100184250003000335260004100365300003600406650001000442700002800452700001900480700001800499700001500517520003000532990001200562990001200574990001100586990001200597990001100609990001100620990001100631990001100642INLIS00000000000164920180227102053 a0010-0218000244ta180227 g 0 ind  a978-979-592-761-7 a297.46 a297.46 SYA p0 aSYARIF, Abdul Aziz Az-Zuhairi1 aPahlawan Islam Penguasa Lautan /cSyarif Abdul Aziz Az-Zuhairi; penerjemah, Muhammad Muchson Anasy, Masturi Ilham, Abidun Zuhri; editor,Artawijaya aed. Indonesia.-- cet.1.-- aJakarta :bPustaka Al-Kautsar,c2016 axvi, 267 hlm. :bilus. ;c24 cm aJIHAD0 aMUHAMMAD, Muchson Anasy0 aMASTURI, Ilham0 aABIDUN, Zuhri0 aARTAWIJAYA abibliografi: hlm. 262-267 a16537 a a16537 b a16537A a16537 b a16537B a16537A a6940 a a6940 b